000
00335nam a2200133Ia 4500
008
170516s9999 xx 000 0 und d
245
_a
PET Imaging of Inflammation Biomarkers
260
_b
Theranostics
260
_c
2013
300
_a
3:7
650
_x
Medical Technology
650
_x
Medtech
856
_u
http://www.thno.org/v3i7
999
_c
330612
_d
330612